| 000 | 00567nam a2200193 u 4500 | ||
|---|---|---|---|
| 001 | 000518832 | ||
| 003 | AM-YeHGA | ||
| 005 | 20250617135053.0 | ||
| 008 | 070206s1976 ||| r 000 0 rus d | ||
| 040 | _aAM-YeHGA | ||
| 041 | 1 | _arus | |
| 100 | 1 | _aШиваза, Ясыр | |
| 245 | 1 | 0 |
_aСтихи : _bПер. с дунганского / _cЯсыр Шиваза. |
| 260 |
_aМосква : _bХудож. лит., _c1976. |
||
| 300 | _a204 с. | ||
| 440 | 0 | _aБ-ка советской поэзии | |
| 653 | 0 | _aСоветская поэзия | |
| 090 | _c194694 | ||
| 999 |
_c193222 _d193222 |
||